| 000 | 008820000a22002050004500 | ||
|---|---|---|---|
| 041 | 0 | _aSPA | |
| 082 | 0 | 4 | _aG 155.333 H675i |
| 100 | 1 | _aHite, Shere | |
| 245 | 1 | 0 | _aHite, el informe: Estudio de la sexualidad femenina / Shere Hite ; Jaime Thomas, Traductor |
| 260 | _aBogotá, Colombia : Círculo de Lectores | ||
| 300 | _a581 Pag. | ||
| 500 | _aT´tulo original : The Hite report | ||
| 505 | 0 | 0 | _amasturbación -- el orgasmo -- coito -- estimulación del clítoris -- lesbianismo -- esclavitud sexual -- la revolución sexual -- mujeres mayores -- hacia una nueva sexualidad femenina |
| 650 | 1 | 4 | _aMUJERES - ESTADOS UNIDOS - CONDUCTA SEXUAL \ ESTUDIO DE LA CONDUCTA SEXUAL - ESTADOS UNIDOS \ ORGASMO FEMENINO - ESTADOS UNIDOS |
| 001 | 847 | ||
| 942 | _cBK | ||
| 999 |
_c32275 _d32275 |
||
| 336 |
_atexto _btxt _2rdacontent |
||
| 337 |
_2rdamedia _asin mediación _bn |
||
| 338 |
_2rdacarrier _avolumen _bnc |
||